| 000 | 00663cam a2200241u 4500 | ||
|---|---|---|---|
| 001 | 10242 | ||
| 003 | BD-RjUL | ||
| 005 | 20211208234923.0 | ||
| 008 | 140123s1951 at a 001 0 eng | ||
| 035 | _a(BD-RjUL)10290 | ||
| 040 |
_aDLC _cCarP _dDLC _dBD-RjUL _beng |
||
| 041 | _aeng | ||
| 082 |
_a540 _bBOI |
||
| 100 | 1 |
_aBoden, Alexander. [from old catalog] _931647 |
|
| 245 | 0 | 3 |
_aAn introduction to modern chemistry / _cAlexander Boden. |
| 260 |
_aSydney : _bScience Press, _c1951. |
||
| 300 |
_a292 p. : _billus. ; _c19 cm. |
||
| 504 | _aIncludes index. | ||
| 650 | 0 |
_aChemistry. _931648 |
|
| 942 |
_2ddc _cBK |
||
| 999 |
_c10242 _d10242 |
||